| 000 | 00377nam a2200145Ia 4500 | ||
|---|---|---|---|
| 008 | 161220s9999 xx 000 0 und d | ||
| 040 | _aPK-NaQUE | ||
| 100 | _a98CE79 | ||
| 100 | _aAmjad Shehzad Shar | ||
| 245 | 0 | _aDesign Of Link Road Sarfraz Lund To Ali Nawaz Rind | |
| 260 | _aNawabshah | ||
| 260 | _bQUEST | ||
| 260 | _c1998 | ||
| 700 | _aDepartment Of Civil Engineering | ||
| 999 |
_c56979 _d56976 |
||